00562nam a2200169Ia 4500100003100000650002100031942000700052366000900059654002000068245004400088260003500132082002000167300000800187546001200195999001700207952016800224 aNair/Somanathan/ B/ Deepa  aElectromagnetics cBK f17.5 aelectromagnetic aApplied electromagnetic theory:Analysis bprentice hallaNew Delhic2008 a530.14/NAIbNAI a370 aENGLISH c22811d22811 001040708CRCaCRCEbCRCEd2023-03-17eEducational books and periodicalsg268.13i236 dt 22/03/2009l0o530.14/NAI NAIp19467r2023-03-17v325.00w0000-00-00yBK